| 000 | 01084nam a2200229Ia 4500 | ||
|---|---|---|---|
| 999 |
_c38100 _d38100 |
||
| 001 | 4088 | ||
| 003 | GE_BSU | ||
| 005 | 20190917123614.0 | ||
| 008 | 181216s1979||||ge |||||||||||||| ||geo|| | ||
| 040 | _cGE_BSU | ||
| 041 | _ageo | ||
| 080 | _a821.353.1-91.09 ს–24 | ||
| 100 |
_aსამუშია, კალისტრატე _94059 |
||
| 245 |
_aქართული ხალხური პოეზიის საკითხები : _bმეგრ. ნიმუშების მიხედვით / _c ზუგდიდის სახ. ისტ.-ეთნოგრ. მუზეუმი; რედ. იოსებ მეგრელიძე. |
||
| 264 |
_aთბ. : _bმეცნიერება, _c1979. |
||
| 300 |
_a182 გვ. ; _b22 სმ. |
||
| 500 | _aშენიშვ.: გვ. 177-180. | ||
| 653 | _aქართული ხალხური პოეზია | ||
| 653 | _aმეგრული პოეზია | ||
| 700 |
_aმეგრელიძე, იოსებ _eრედაქტორი _9114 |
||
| 942 |
_cBK _2udc |
||